Classical mechanics: transformations, flows, integrable and chaotic dynamics
Uloženo v:
| Hlavní autor: | |
|---|---|
| Médium: | Kniha |
| Jazyk: | angličtina |
| Vydáno: |
Cambridge
Cambridge University
1997
|
| Vydání: | 1a. ed |
| Témata: | |
| Tagy: |
Přidat tag
Žádné tagy, Buďte první, kdo vytvoří štítek k tomuto záznamu!
|
MARC
| LEADER | 00000nam a2200000 a 4500 | ||
|---|---|---|---|
| 001 | UCL8362 | ||
| 003 | CL-VaPUC | ||
| 008 | 040618e19970000uk |||||||||||||||||eng|d | ||
| 020 | |a 0521578825 | ||
| 082 | 0 | 4 | |a 531 |b MCC |2 21 |
| 100 | |a McCauley, Joseph L. |e autor |9 486307 | ||
| 245 | 1 | 0 | |a Classical mechanics: transformations, flows, integrable and chaotic dynamics |
| 250 | |a 1a. ed | ||
| 300 | |a 469 p | ||
| 942 | |c BK | ||
| 945 | |d 20040618 00:00:00 |a cmena | ||
| 260 | |a Cambridge |b Cambridge University |c 1997 | ||
| 650 | 0 | |a Mecánica clásica |9 368211 | |
| 650 | 0 | |a Cinemática |9 260942 | |
| 650 | 0 | |a Física matemática |9 260981 | |
| 583 | |a last modification |c 20130806 04:40:42 |k Rodrigo Vera | ||
| 999 | |c 309702 |d 309700 | ||
| 952 | |0 0 |1 0 |4 0 |6 531_000000000000000_MCC_1997 |7 0 |8 A |9 377422 |a BIBCUR |b BIBCUR |d 2019-11-21 |i 4029666 |l 1 |o 531 MCC 1997 |p 4029666 |r 2025-04-22 |s 2024-10-03 |w 2019-11-21 |y BK |k FIS | ||